Responses for Show #292 - Tuesday, October 22, 1985

Contestants

[<< previous game]

Ginny Crispell, an English teacher from Port Jefferson, New York

Lee Aronsohn, a writer originally from White Plains, New York

Larry Zelenak, a professor originally from Tacoma, Washington (whose 1-day cash winnings total $7,500)

[next game >>]

Jeopardy! Round responses

WOMEN FIRST
ABBREVIATIONS
WEATHER
FRUITS & VEGETABLES
CHINA
THE BIG TOP
    $100 7
telephone operator

Lee
    $100 1
bacon, lettuce & tomato

Larry
    $100 4
a cricket

Ginny
    $100 17
a sweet potato

Ginny
    $100 11
(Lee: What is in favor?)
...
(Larry: I suppose they could have abstained.)
[Chuckles]

against (they voted no)

LarryLee
    $100 16
a circle (rings)

Ginny
    $200 9
a stagecoach

Triple Stumper
    $200 2
International Business Machines

Larry
    $200 5
clouds

Larry
    $200 18
a cherry

Ginny
    $200 21
emperor

Lee
    $200 20
a quadruple flip (quadruple somersault)

Larry
    $300 10
Sotheby's

Ginny
    $300 3
United Press International

Ginny
    $300 12
a rainbow

Larry
    $300 19
California

Lee
    $300 27
(Lee: What are the Red Brigades?)

the Red Guard

LarryLee
    $300 22
a tent

Lee
    $400 14
cooking

Lee
    $400 6
the Police Athletic League

Ginny
    $400 13
(Alex: Yes, bad place to be.)

trees

Lee
    $500 24
(Alex: Lee?)
(Lee: What is chili?)
(Alex: No, "[*] Man"... we've got about a minute to go in the round.)
[The song was not reprised going into the break.]

watermelon

Lee
    $400 28
[The end-of-round signal sounds.]

World War II

Triple Stumper
    $400 23
a tightrope walker

Lee
    $500 15
a comic strip

Lee
    $500 8
automatic teller machine

Lee
    $500 26
winds

Larry
    $500 25
Sarasota

Ginny

Scores at the first commercial break (after clue 12):

Larry Lee Ginny
$900 $500 $1,100

Scores at the end of the Jeopardy! Round:

Larry Lee Ginny
$1,900 $2,200 $2,000

Double Jeopardy! Round responses

EUROPEAN HISTORY
GEOLOGY
MOVIE QUOTES
MAMMALS
RELIGIOUS MUSIC
RATED "EX"
    $200 3
France

Larry
    $200 24
lava

Larry
    $200 2
(Alex: Yes, Gone with the Wind.)

Scarlett O'Hara

Ginny
    $200 16
a guinea pig

Larry
    $200 1
a cantor

Lee
    $200 10
Extra!

Ginny
    $400 21
Martin Luther

Lee
    $400 25
creation

Lee
    $400 6
(Alex: "Come back, Shane, mom likes you.")

Alan Ladd

Ginny
    $400 17
a dingo

Lee
    $1,000 4
"Amazing Grace"

Larry
    $400 11
a Timex watch

Larry
    $600 22
(Alex: We've got about a minute to go in the round.)

Franco

Lee
    $600 27
[The end-of-round signal sounds.]

glaciers

Larry
    $600 7
Ruby Keeler

Ginny
    $600 18
killer whales

Larry
    $600 5
"Holy, Holy, Holy!"

Ginny
    $600 14
Excalibur

Lee
    $800 23
a journeyman

Ginny
    $800 8
the line most often spoken in film

Triple Stumper
    $800 19
(Larry: What is a titmouse?)

a dormouse

Larry
Triple Stumper
    $800 12
(Lee: Who is Little Richard?)

Al Green

Lee
Triple Stumper
    $800 15
the exchequer

Larry
    $1000 9
(Lee: What is Morning Glory?)

Stage Door

Lee
Triple Stumper
    $1000 20
giraffes

Ginny
    $1000 13
Offertory music

Larry
    $1000 26
(Larry: What are exiles?)
(Alex: No.)
(Larry: [Cutting himself off from saying more] Well... sorry.)

expatriates

LarryGinny

Scores at the end of the Double Jeopardy! Round:

Larry Lee Ginny
$5,100 $3,000 $6,800

[wagering suggestions for these scores]

Final Jeopardy! Round responses

ENGINEERING
LeeWhat is Panama Canal?
$0
LarryWhat was the Panama Canal?
$1,000
GinnyWhat is the Panama Canal?
$800
the Panama Canal

Final scores:

Larry Lee Ginny
$6,100 $3,000 $7,600
2nd place: Maytag washer & dryer & Radio Flyer Town & Country wager & row cart 3rd place: Panasonic TV New champion: $7,600

Game dynamics:

Coryat scores:

Larry Lee Ginny
$4,500 $3,500 $6,800
17 R
(including 1 DD),
2 W
15 R,
5 W
(including 1 DD)
16 R
(including 1 DD),
0 W

Combined Coryat: $14,800

[game clues] [game scores] [suggest correction]

Game tape date: 1985-08-05
The J! Archive is created by fans, for fans. Scraping, republication, monetization, and malicious use prohibited; this site may use cookies and collect identifying information. See terms. The Jeopardy! game show and all elements thereof, including but not limited to copyright and trademark thereto, are the property of Jeopardy Productions, Inc. and are protected under law. This website is not affiliated with, sponsored by, or operated by Jeopardy Productions, Inc. Join the discussion at JBoard.tv.